| 000 | 00506nam a22001697a 4500 | ||
|---|---|---|---|
| 003 | OSt | ||
| 005 | 20260115023632.0 | ||
| 008 | 260115b |||||||| |||| 00| 0 eng d | ||
| 020 | _a1-58279-341-7. | ||
| 040 |
_aDWCL-Main lib _cOC |
||
| 082 |
_22nd edition _aGR. 641.5 Q6 2003 |
||
| 245 | _aQuick and easy chicken dishes 2nd ed. | ||
| 260 |
_aUSA : _bTrident Reference Publishing, _cc2003. |
||
| 300 |
_a80 pages : _bcolored illustration ; _c28 cm. |
||
| 650 | _21. Cooking. | ||
| 942 |
_2ddc _cGR _e2nd ed. _kGR. _n0 |
||
| 999 |
_c7400 _d7400 |
||